| 000 | 00641nam a2200193 u 4500 | ||
|---|---|---|---|
| 005 | 20210223133213.0 | ||
| 008 | 170301s2002 r 000 0 eng d | ||
| 035 | _aUPN01000216446 | ||
| 049 | _aCG | ||
| 050 | 4 |
_aJL1231 _bA7.7 |
|
| 100 | 1 |
_aArellano Gault, David, _d1964- _938058 |
|
| 245 | 1 | 3 |
_aLa transformación de la administración pública en México : _blímites y posibilidades de un servicio civil de carrera / _cDavid Arellano Gault. |
| 260 |
_aMéxico : _bCIDE, _cc2002. |
||
| 300 | _a59 p. | ||
| 440 | 0 |
_aDocumento de trabajo ; _v17 |
|
| 650 | 4 |
_aADMINISTRACION PUBLICA - _zMEXICO _9243 |
|
| 905 | _aLibro | ||
| 999 |
_c188546 _d188546 |
||